000 00547nam a2200193 a 4500
001 1765978162597
003 ACL
005 20251217190123.0
008 251217s2010##################000#0#eng##
020 _a9781580403368
082 0 4 _a641.56314
_bAME
100 1 _aAssociation, American Diabetes,
_eauthor.
245 1 0 _aThe American Diabetes Association Month of Meals Diabetes Meal Planner :
260 _bAmerican Diabetes Association,
_c2010.
300 _a306 pages
650 0 _aCooking.
942 _cENGLISH
040 _aACL
_beng
_cACL
999 _c603105
_d603105